International Human Resource Management (Record no. 5207)

MARC details
000 -LEADER
fixed length control field 00530nam a22001457a 4500
008 - FIXED-LENGTH DATA ELEMENTS--GENERAL INFORMATION
fixed length control field 170306b xxu||||| |||| 00| 0 eng d
020 ## - INTERNATIONAL STANDARD BOOK NUMBER
International Standard Book Number 0-538-86137-1
082 ## - DEWEY DECIMAL CLASSIFICATION NUMBER
Classification number 658.3 DOW
100 ## - MAIN ENTRY--PERSONAL NAME
Personal name DOWLING Peter
245 ## - TITLE STATEMENT
Title International Human Resource Management
Remainder of title Managing people in a Multinational
Statement of responsibility, etc. Peter J. Dowling, Denice E. Welch and Randall S. Schuler
Medium English
260 ## - PUBLICATION, DISTRIBUTION, ETC. (IMPRINT)
Place of publication, distribution, etc. New York
Name of publisher, distributor, etc. South-WesternCollege
Date of publication, distribution, etc. 1999
300 ## - PHYSICAL DESCRIPTION
Extent 324p
Dimensions 21cm
650 ## - SUBJECT ADDED ENTRY--TOPICAL TERM
Source of heading or term International business enteprieses-personal management
942 ## - ADDED ENTRY ELEMENTS (KOHA)
Source of classification or shelving scheme Dewey Decimal Classification
Koha item type BOOKS
Holdings
Withdrawn status Lost status Source of classification or shelving scheme Damaged status Not for loan Home library Current library Date acquired Total Checkouts Full call number Barcode Date last seen Price effective from Koha item type
    Dewey Decimal Classification     Mwanza Mwanza 06/03/2017   658.3 DOW 10000000785 06/03/2017 06/03/2017 BOOKS

IRDP © 2021 :: Managed by ICT Team